[Event "Nezhmetdinov Memorial 38th"]
[Site "Kazan"]
[Date "2016.06.08"]
[Round "9"]
[White "Ioffe, Dmitry"]
[Black "Ambartsumova, Karina"]
[Result "1/2-1/2"]
[WhiteElo "2058"]
[BlackElo "2307"]
[PlyCount "43"]
[EventDate "2016.05.31"]
[EventType "swiss"]
[EventRounds "9"]
[EventCountry "RUS"]
[SourceTitle "CBM 172 Extra"]
[Source "ChessBase"]
[SourceDate "2016.06.21"]
[SourceVersion "1"]
[SourceVersionDate "2016.06.21"]
[SourceQuality "1"]

1. e4 c5 2. Nf3 e6 3. Nc3 a6 4. d4 cxd4 5. Nxd4 b5 6. Bd3 Qb6 7. Nb3 Qc7 8. 0-0 Bb7 9. Be3 Nf6 10. a3 Be7 11. Qf3 0-0 12. Rae1 Nc6 13. Qh3 Ne5 14. Bf4 d6 15. Bxe5 dxe5 16. Re3 Rfd8 17. Ne2 g6 18. Re1 Nh5 19. g3 Bg5 20. Rf3 Rf8 21. Qg4 Qe7 22. h4 1/2-1/2

[Event "Nezhmetdinov Memorial 36th"]
[Site "Kazan"]
[Date "2014.06.06"]
[Round "7"]
[White "Ioffe, Dmitry"]
[Black "Lomasov, Semen"]
[Result "1-0"]
[WhiteElo "2077"]
[BlackElo "2188"]
[PlyCount "51"]
[EventDate "2014.05.31"]
[EventType "swiss"]
[EventRounds "9"]
[EventCountry "RUS"]
[SourceTitle "CBM 160 Extra"]
[Source "ChessBase"]
[SourceDate "2014.07.01"]
[SourceVersion "1"]
[SourceVersionDate "2014.07.01"]
[SourceQuality "1"]

1. d4 Nf6 2. Nf3 c5 3. d5 b5 4. Bg5 Ne4 5. Qd3 Nxg5 6. Nxg5 g6 7. Qf3 f5 8. Qc3 Rg8 9. e4 Bg7 10. e5 Bb7 11. Bxb5 Bxd5 12. 0-0 Qc7 13. Re1 h6 14. Nf3 e6 15. Nbd2 Kf7 16. Bc4 Bb7 17. Bb3 a5 18. a4 Ba6 19. Rad1 Rc8 20. Bc4 Bb7 21. Bb5 Bd5 22. Nc4 Bxc4 23. Qxc4 g5 24. h3 Kg8 25. Bxd7 Nxd7 26. Qxe6+ 1-0

[Event "Nezhmetdinov Memorial 36th"]
[Site "Kazan"]
[Date "2014.06.02"]
[Round "3"]
[White "Ioffe, Dmitry"]
[Black "Kavyev, Ruslan"]
[Result "1-0"]
[WhiteElo "2077"]
[BlackElo "1880"]
[PlyCount "77"]
[EventDate "2014.05.31"]
[EventType "swiss"]
[EventRounds "9"]
[EventCountry "RUS"]
[SourceTitle "CBM 160 Extra"]
[Source "ChessBase"]
[SourceDate "2014.07.01"]
[SourceVersion "1"]
[SourceVersionDate "2014.07.01"]
[SourceQuality "1"]

1. d4 Nf6 2. Nf3 c5 3. d5 d6 4. Nc3 g6 5. e4 Bg7 6. Bb5+ Nbd7 7. a4 0-0 8. 0-0 a6 9. Be2 b6 10. Re1 h5 11. Bf4 Ng4 12. Qd2 Bh8 13. h3 Nge5 14. Ng5 Rb8 15. Bg3 b5 16. axb5 axb5 17. Bxb5 Nb6 18. b3 Bg7 19. f4 Ned7 20. e5 h4 21. Bh2 dxe5 22. fxe5 Bh6 23. Bf4 Ra8 24. Rxa8 Nxa8 25. Ne6 Bxf4 26. Nxf4 Ndb6 27. e6 Kg7 28. exf7 Rxf7 29. Bd3 Rf6 30. Ne4 Nxd5 31. Nxd5 Qxd5 32. Nxf6 exf6 33. Re7+ Kf8 34. Re8+ Kg7 35. Rxc8 Qd4+ 36. Kf1 Nb6 37. Rc7+ Nd7 38. Bb5 Qxd2 39. Rxd7+ 1-0

[Event "Nezhmetdinov Memorial rapid 36th"]
[Site "Kazan"]
[Date "2014.05.29"]
[Round "1"]
[White "Ioffe, Dmitry"]
[Black "Ponkratov, Pavel"]
[Result "0-1"]
[WhiteElo "2077"]
[BlackElo "2595"]
[PlyCount "74"]
[EventDate "2014.05.29"]
[EventType "swiss (rapid)"]
[EventRounds "9"]
[EventCountry "RUS"]
[SourceTitle "CBM 160 Extra"]
[Source "ChessBase"]
[SourceDate "2014.07.01"]
[SourceVersion "1"]
[SourceVersionDate "2014.07.01"]
[SourceQuality "1"]

1. Nf3 Nf6 2. b3 g6 3. Bb2 Bg7 4. g3 d5 5. c4 dxc4 6. bxc4 0-0 7. Bg2 c5 8. 0-0 Nc6 9. Ne5 Nd4 10. Nc3 Ng4 11. Nxg4 Bxg4 12. Rb1 Rb8 13. h3 Bf5 14. d3 Qd7 15. g4 Be6 16. Ne4 b6 17. e3 Nc6 18. Bxg7 Kxg7 19. Ng5 Rbd8 20. Qc2 Nb4 21. Qc3+ Kg8 22. d4 Nxa2 23. Qb3 Nb4 24. d5 Bxg4 25. hxg4 Qxg4 26. f4 a5 27. Kf2 h6 28. Nf3 e6 29. Rh1 exd5 30. Rxh6 d4 31. Rbh1 Kg7 32. Bh3 dxe3+ 33. Qxe3 Qxf4 34. Qc3+ Rd4 35. Rh4 Nd3+ 36. Kg2 Qe3 37. Nxd4 Qf2# 0-1

[Event "Nezhmetdinov Memorial 35th"]
[Site "Kazan"]
[Date "2013.06.05"]
[Round "6"]
[White "Ioffe, Dmitry"]
[Black "Beinenson, Katsiaryna"]
[Result "0-1"]
[WhiteElo "2138"]
[BlackElo "1970"]
[PlyCount "106"]
[EventDate "2013.05.31"]
[EventType "swiss"]
[EventRounds "9"]
[EventCountry "RUS"]
[SourceTitle "CBM 154 Extra"]
[Source "ChessBase"]
[SourceDate "2013.06.25"]
[SourceVersion "2"]
[SourceVersionDate "2013.06.25"]
[SourceQuality "1"]

1. Nf3 d5 2. b3 c6 3. Bb2 Nf6 4. g3 Bf5 5. Bg2 e6 6. d3 h6 7. 0-0 Be7 8. e3 0-0 9. Qe2 a5 10. a4 Na6 11. Kh1 Bh7 12. Ne5 Nb4 13. f4 c5 14. Na3 Nd7 15. Ng4 Rc8 16. e4 Nf6 17. Nf2 Re8 18. Rad1 Nc6 19. e5 Nd7 20. Nb5 Nb4 21. c3 Nc6 22. c4 Nb6 23. Qf3 Nb4 24. g4 Nc2 25. Rd2 Nb4 26. Bc3 Rf8 27. Qe2 Kh8 28. Rdd1 f6 29. exf6 Bxf6 30. Be5 Bxe5 31. fxe5 Qg5 32. Nd6 Rb8 33. Nh3 Qe7 34. Nf4 g5 35. Nh5 Rxf1+ 36. Qxf1 Rf8 37. Qe2 Nd7 38. Nxb7 Nb8 39. Nd6 N8c6 40. Nb5 Bg6 41. d4 Bc2 42. Rf1 cxd4 43. Rf6 Rxf6 44. exf6 Qf8 45. Qxe6 d3 46. Nd6 d2 47. Bf3 Nd4 48. Nf7+ Kh7 49. Qd7 Nxf3 50. Nxg5+ Kg8 51. Qe6+ Kh8 52. Qe7 d1Q+ 53. Kg2 Qxe7 0-1

[Event "Nezhmetdinov Memorial 35th"]
[Site "Kazan"]
[Date "2013.06.02"]
[Round "3"]
[White "Padikov, Denis"]
[Black "Ioffe, Dmitry"]
[Result "0-1"]
[WhiteElo "1820"]
[BlackElo "2138"]
[PlyCount "48"]
[EventDate "2013.05.31"]
[EventType "swiss"]
[EventRounds "9"]
[EventCountry "RUS"]
[SourceTitle "CBM 154 Extra"]
[Source "ChessBase"]
[SourceDate "2013.06.25"]
[SourceVersion "2"]
[SourceVersionDate "2013.06.25"]
[SourceQuality "1"]

1. d4 Nf6 2. Nf3 b6 3. c4 Bb7 4. Nc3 e6 5. g3 Bb4 6. Bg2 0-0 7. 0-0 Bxc3 8. bxc3 Be4 9. Nh4 Bxg2 10. Kxg2 d6 11. d5 Nbd7 12. Bg5 h6 13. Bxf6 Qxf6 14. Qd4 exd5 15. Qxd5 Nc5 16. Qd4 Qe6 17. Nf5 Qxf5 18. f3 Rfe8 19. e4 Qd7 20. h4 Re5 21. Rfe1 Rae8 22. g4 Nxe4 23. Kh3 Nc5 24. Rxe5 Rxe5 0-1

[Event "Tatarstan-ch op"]
[Site "Kazan"]
[Date "2012.09.06"]
[Round "4"]
[White "Pavlov, Denis"]
[Black "Ioffe, Dmitry"]
[Result "1/2-1/2"]
[WhiteElo "2289"]
[BlackElo "2157"]
[PlyCount "64"]
[EventDate "2012.09.03"]
[EventType "swiss"]
[EventRounds "9"]
[EventCountry "RUS"]
[SourceTitle "CBM 150 Extra"]
[Source "ChessBase"]
[SourceDate "2012.10.19"]
[SourceVersion "1"]
[SourceVersionDate "2012.10.19"]
[SourceQuality "1"]

1. e4 e5 2. Nf3 Nc6 3. Bb5 Bc5 4. 0-0 d6 5. h3 Nf6 6. Re1 h6 7. c3 Bd7 8. d4 Bb6 9. Na3 0-0 10. Nc4 Nxd4 11. Nxd4 exd4 12. Bxd7 Qxd7 13. cxd4 Rfe8 14. Nxb6 axb6 15. f3 Qe6 16. a3 Nd7 17. d5 Qg6 18. g4 c6 19. dxc6 bxc6 20. Bf4 Ne5 21. Bxe5 dxe5 22. Qb3 Qf6 23. Rad1 Rad8 24. Rxd8 Rxd8 25. Rd1 Rd4 26. Kg2 c5 27. Rxd4 cxd4 28. Qd3 h5 29. Qd2 hxg4 30. hxg4 g6 31. Kf2 Qc6 32. Kg2 Qe6 1/2-1/2

[Event "Tatarstan-ch op"]
[Site "Kazan"]
[Date "2009.08.23"]
[Round "4"]
[White "Ioffe, Dmitry"]
[Black "Ponfilenok, Vladimir"]
[Result "0-1"]
[WhiteElo "2161"]
[BlackElo "2440"]
[PlyCount "62"]
[EventDate "2009.08.20"]
[EventType "swiss"]
[EventRounds "9"]
[EventCountry "RUS"]
[SourceTitle "EXT 2010"]
[Source "ChessBase"]
[SourceDate "2010.11.25"]
[SourceVersion "1"]
[SourceVersionDate "2010.11.25"]
[SourceQuality "1"]

1. Nf3 e6 2. d4 f5 3. g3 Nf6 4. Bg2 d5 5. 0-0 Bd6 6. c4 c6 7. Qc2 0-0 8. Nbd2 b6 9. b3 Bb7 10. Bb2 a5 11. Ne5 Qe7 12. Ndf3 Na6 13. a3 Rac8 14. e3 c5 15. Qe2 Nb8 16. Rfd1 Ne4 17. Ne1 Nd7 18. N1d3 Ba6 19. Nxd7 Qxd7 20. cxd5 exd5 21. dxc5 bxc5 22. Qc2 c4 23. bxc4 Rxc4 24. Qe2 Qa4 25. Qh5 Rc2 26. Rab1 Qe8 27. Qxe8 Rxe8 28. Bxe4 dxe4 29. Nb4 axb4 30. Rxd6 Bd3 31. Rd7 Re2 0-1

[Event "Nezhmetdinov Memorial 31st"]
[Site "Kazan"]
[Date "2009.06.05"]
[Round "6"]
[White "Ioffe, Dmitry"]
[Black "Rodchenkov, Vitaly"]
[Result "1/2-1/2"]
[WhiteElo "2149"]
[BlackElo "2412"]
[PlyCount "67"]
[EventDate "2009.05.31"]
[EventType "swiss"]
[EventRounds "9"]
[EventCountry "RUS"]
[SourceTitle "CBM 130 Extra"]
[Source "ChessBase"]
[SourceDate "2009.07.02"]
[SourceVersion "2"]
[SourceVersionDate "2009.07.15"]
[SourceQuality "1"]

1. g3 e5 2. c4 Nf6 3. Bg2 Nc6 4. Nc3 Bc5 5. Nf3 d6 6. 0-0 0-0 7. d3 h6 8. a3 a5 9. Bd2 Bf5 10. Nh4 Be6 11. Nd5 Bxd5 12. cxd5 Ne7 13. e4 c6 14. dxc6 bxc6 15. Bc3 Qb6 16. Qd2 a4 17. h3 Rab8 18. Rab1 Bd4 19. Kh2 Bxc3 20. Qxc3 c5 21. f4 exf4 22. gxf4 Qa6 23. Rf3 Rb3 24. Qd2 Rfb8 25. e5 Ne8 26. d4 cxd4 27. Qxd4 dxe5 28. Qxe5 Qf6 29. Qxf6 Nxf6 30. Rxb3 Rxb3 31. Bf3 g5 32. fxg5 hxg5 33. Bd1 Rd3 34. Nf3 1/2-1/2

[Event "Nezhmetdinov Memorial 31st"]
[Site "Kazan"]
[Date "2009.05.31"]
[Round "1"]
[White "Voitsekhovsky, Stanislav"]
[Black "Ioffe, Dmitry"]
[Result "1-0"]
[WhiteElo "2522"]
[BlackElo "2149"]
[PlyCount "35"]
[EventDate "2009.05.31"]
[EventType "swiss"]
[EventRounds "9"]
[EventCountry "RUS"]
[SourceTitle "CBM 130 Extra"]
[Source "ChessBase"]
[SourceDate "2009.07.02"]
[SourceVersion "2"]
[SourceVersionDate "2009.07.15"]
[SourceQuality "1"]

1. e4 e5 2. Nf3 Nc6 3. d4 exd4 4. Nxd4 Bb4+ 5. c3 Bc5 6. Nxc6 bxc6 7. Bd3 d6 8. Nd2 Ne7 9. b4 Bb6 10. Nc4 0-0 11. 0-0 d5 12. Nxb6 axb6 13. Qc2 Ba6 14. c4 dxc4 15. Bxc4 Qd4 16. Bxa6 Qxa1 17. Bb2 Qxa2 18. Bc4 1-0

[Event "Privolzhskogo FO-ch"]
[Site "Kazan"]
[Date "2009.01.23"]
[Round "3"]
[White "Askarov, Marat"]
[Black "Ioffe, Dmitry"]
[Result "1-0"]
[WhiteElo "2512"]
[BlackElo "2159"]
[PlyCount "113"]
[EventDate "2009.01.21"]
[EventType "swiss"]
[EventRounds "9"]
[EventCountry "RUS"]
[SourceTitle "EXT 2010"]
[Source "ChessBase"]
[SourceDate "2010.11.25"]
[SourceVersion "1"]
[SourceVersionDate "2010.11.25"]
[SourceQuality "1"]

1. c4 g6 2. g3 Bg7 3. Bg2 Nf6 4. Nc3 0-0 5. e3 Nc6 6. Nge2 d6 7. 0-0 e5 8. h3 Be6 9. Nd5 Qd7 10. Kh2 a5 11. f4 Bxd5 12. cxd5 Nb4 13. Qb3 Qb5 14. Nc3 Qd3 15. a3 Nbxd5 16. fxe5 dxe5 17. Qxb7 Rfb8 18. Qc6 Ra6 19. Qa4 Nxc3 20. dxc3 Rd8 21. e4 Nh5 22. Rf3 Qe2 23. Bg5 f6 24. Be3 Rad6 25. Bc5 R6d7 26. Rf2 Qd3 27. Bf3 Bh6 28. Rd1 Qxf3 29. Rxf3 Rxd1 30. Rf2 R1d3 31. Be7 Rd2 32. Kg2 Rxf2+ 33. Kxf2 Rd2+ 34. Kf3 Rd3+ 35. Ke2 Rd2+ 36. Ke1 Kf7 37. Bc5 Nxg3 38. Qxa5 Re2+ 39. Kd1 Rd2+ 40. Kc1 Nxe4 41. Kb1 Rd7 42. Ba7 Nd2+ 43. Ka2 e4 44. Qa4 Rd3 45. Qb5 Bf4 46. a4 Ke6 47. a5 Rd5 48. Qe8+ Kf5 49. b4 Rd3 50. Qc8+ Ke5 51. Qxc7+ Rd6 52. Bc5 Kd5 53. Bxd6 Bxd6 54. Qf7+ Ke5 55. a6 e3 56. a7 e2 57. Qe8+ 1-0

[Event "Tatarstan-ch op"]
[Site "Kazan"]
[Date "2008.08.26"]
[Round "6"]
[White "Ioffe, Dmitry"]
[Black "Terentiev, Vitaly G"]
[Result "1/2-1/2"]
[WhiteElo "2174"]
[BlackElo "2300"]
[PlyCount "27"]
[EventDate "2008.08.21"]
[EventType "swiss"]
[EventRounds "9"]
[EventCountry "RUS"]
[SourceTitle "EXT 2010"]
[Source "ChessBase"]
[SourceDate "2010.11.25"]
[SourceVersion "1"]
[SourceVersionDate "2010.11.25"]
[SourceQuality "1"]

1. e4 e5 2. Nf3 Nf6 3. d4 Nxe4 4. Nxe5 d5 5. Nd2 Nxd2 6. Bxd2 Nd7 7. Nxd7 Bxd7 8. Qf3 Be6 9. Bd3 Bd6 10. 0-0 Qh4 11. g3 Qg4 12. Qxg4 Bxg4 13. Rfe1+ Kd7 14. Kg2 1/2-1/2

[Event "Nezhmetdinov Memorial 30th"]
[Site "Kazan"]
[Date "2008.06.08"]
[Round "8"]
[White "Ioffe, Dmitry"]
[Black "Amirkhanov, Roustem"]
[Result "0-1"]
[WhiteElo "2174"]
[BlackElo "2278"]
[PlyCount "86"]
[EventDate "2008.06.01"]
[EventType "swiss"]
[EventRounds "9"]
[EventCountry "RUS"]
[SourceTitle "EXT 2009"]
[Source "ChessBase"]
[SourceDate "2008.11.26"]
[SourceVersion "1"]
[SourceVersionDate "2008.11.26"]
[SourceQuality "1"]

1. d4 d5 2. Nf3 Nf6 3. c4 c6 4. e3 g6 5. Nc3 Bg7 6. Be2 0-0 7. 0-0 dxc4 8. Bxc4 Bg4 9. h3 Bxf3 10. Qxf3 Nbd7 11. Rd1 Qc7 12. e4 b5 13. Bb3 e5 14. d5 Nc5 15. dxc6 Nxb3 16. axb3 Qxc6 17. Bg5 b4 18. Nd5 Nxd5 19. exd5 Qd6 20. Rac1 f5 21. Rc6 Qd7 22. Qe2 h6 23. Be3 f4 24. Bc5 Rfc8 25. Rd6 Qf5 26. Rc6 e4 27. Qc4 f3 28. d6+ Kh7 29. Rxc8 Rxc8 30. Rd5 Qe6 31. d7 Rd8 32. Rd2 Qf5 33. Qd5 Be5 34. Be7 fxg2 35. Qxe5 Qxe5 36. Bxd8 e3 37. Re2 exf2+ 38. Rxf2 Qd4 39. Be7 Qxd7 40. Bxb4 Qxh3 41. Rxg2 Qxb3 42. Bc3 Qd1+ 43. Kh2 g5 0-1

[Event "Nezhmetdinov Memorial 30th"]
[Site "Kazan"]
[Date "2008.06.04"]
[Round "4"]
[White "Filipenko, Alexander V"]
[Black "Ioffe, Dmitry"]
[Result "1-0"]
[WhiteElo "2341"]
[BlackElo "2174"]
[PlyCount "89"]
[EventDate "2008.06.01"]
[EventType "swiss"]
[EventRounds "9"]
[EventCountry "RUS"]
[SourceTitle "EXT 2009"]
[Source "ChessBase"]
[SourceDate "2008.11.26"]
[SourceVersion "1"]
[SourceVersionDate "2008.11.26"]
[SourceQuality "1"]

1. e4 g6 2. d4 Bg7 3. Nc3 d6 4. Bg5 c6 5. Qd2 Qa5 6. f4 Nd7 7. Nf3 h6 8. Bh4 Nb6 9. a3 Be6 10. b4 Qh5 11. h3 f5 12. Bf2 Nf6 13. Be2 Bc4 14. Bd1 g5 15. Nh4 Qf7 16. Nxf5 0-0-0 17. Nxg7 Qxg7 18. f5 e6 19. fxe6 Rhe8 20. Bf3 Bxe6 21. 0-0 h5 22. Be2 g4 23. h4 g3 24. Be3 Nc4 25. Bh6 Nxd2 26. Bxg7 Ndxe4 27. Nxe4 Nxe4 28. Bxh5 Rg8 29. Bf7 Bxf7 30. Rxf7 Rd7 31. Rxd7 Kxd7 32. Bh6 Ke6 33. Rf1 Kd5 34. Rf7 Kxd4 35. Bg7+ Kd5 36. h5 Re8 37. h6 Kc4 38. Rf3 Nd2 39. Rxg3 Re1+ 40. Kf2 Rh1 41. Rh3 Ne4+ 42. Ke3 Rxh3+ 43. gxh3 Ng5 44. h4 Nh7 45. Ke4 1-0

[Event "Tatarstan-ch op"]
[Site "Kazan"]
[Date "2007.08.28"]
[Round "9"]
[White "Mustakaev, Artur"]
[Black "Ioffe, Dmitry"]
[Result "1-0"]
[WhiteElo "2312"]
[BlackElo "2195"]
[PlyCount "95"]
[EventDate "2007.08.20"]
[EventType "swiss"]
[EventRounds "9"]
[EventCountry "RUS"]
[SourceTitle "EXT 2009"]
[Source "ChessBase"]
[SourceDate "2008.11.26"]
[SourceVersion "1"]
[SourceVersionDate "2008.11.26"]
[SourceQuality "1"]

1. Nf3 Nf6 2. c4 b6 3. d4 Bb7 4. g3 g6 5. Bg2 Bg7 6. 0-0 0-0 7. Nc3 Ne4 8. Nd5 e6 9. Nf4 d5 10. cxd5 exd5 11. b3 Nd7 12. Ba3 Re8 13. Rc1 Ndf6 14. Nd3 c6 15. e3 Rc8 16. Re1 Nd6 17. Re2 Nfe4 18. Rec2 Nf5 19. Bh3 Qf6 20. Nfe5 c5 21. g4 Ng5 22. Bf1 Nh4 23. f4 Ne6 24. dxc5 Nxc5 25. Nxc5 bxc5 26. Bxc5 Rxc5 27. Rxc5 d4 28. Rc7 dxe3 29. Rxb7 Qxf4 30. Rxf7 Qxe5 31. Bc4 e2 32. Qxe2 Qxe2 33. Re7+ Qxc4 34. Rxe8+ Kf7 35. Rxc4 Kxe8 36. Kf2 Kd7 37. Kg3 g5 38. Ra4 Be5+ 39. Kf2 Ng6 40. Rxa7+ Ke6 41. Rxh7 Nf4 42. Kf3 Kd5 43. h4 gxh4 44. Rxh4 Ne6 45. Ke2 Nd4+ 46. Ke3 Nc2+ 47. Kd2 Nb4 48. a4 1-0